000 00204nam a2200073Ia 4500
008 170817s9999 xx 000 0 und d
100 _aKaushik.V.K
245 0 _aChild Phychology And Growth Development
260 _bAnmol Publications Delhi
999 _c38879
_d38879